• 首页
  • 本馆介绍
  • 公告通知
  • 最新文献
  • 馆藏检索
  • 电子资源
  • 读者导购
  • 参考咨询
  • 我的图书馆
  • 登录
  • 详细信息显示
  • 放入我的书架
  • 预约/预借图书
  • 作者相关作品
  • 分类相关作品
  • 丛书相关作品
  • 出版社相关作品

书目信息

  • 表格格式
  • 工作单格式
  • 卡片格式
题名:
赵州桥
    
 
作者: 王忠强 编著
分册:  
出版信息: 长春   吉林文史出版社  2018重印
页数: 120页
开本: 23cm
丛书名: 中国文化知识读本
单 册:
中图分类: K928.78
科图分类:
主题词:
电子资源:
ISBN: 978-7-5463-1658-1
000 00858nam 2200265 45
001 012001010220
005 20140101102520.0
010    @a978-7-5463-1658-1@dCNY34.80
099    @aCAL 012010195245
100    @a20100926d2010 em y0chiy50 ea
101 0  @achi
102    @aCN@b220000
105    @aahf z 000yy
106    @ar
200 1  @a赵州桥@AZhao Zhou Qiao@f编著王忠强
210    @a长春@c吉林文史出版社@d2018重印
215    @a120页@c图, 摹真@d23cm
225 2  @a中国文化知识读本@AZhong Guo Wen Hua Zhi Shi Du Ben
330    @a本书全面介绍了赵州桥的独特设计、生动传说、精美石刻、“三绝”、灿烂历史文化以及今日之赵州桥。
410  0 @12001@a中国文化知识读本
607    @a赵州桥@AZhao Zhou Qiao@x简介
690    @aK928.78@v4
701  0 @a王忠强@Awang zhong qiang@4编著
801  2 @aCN@b上海新华@c20191020
905    @b1136062-5@dK928.78@e1161@f4
    
    赵州桥/编著王忠强.-长春:吉林文史出版社,2018重印
    120页:图, 摹真;23cm.-(中国文化知识读本)
    
    
    ISBN 978-7-5463-1658-1:CNY34.80
    本书全面介绍了赵州桥的独特设计、生动传说、精美石刻、“三绝”、灿烂历史文化以及今日之赵州桥。
●
相关链接 在E读中查询图书 在五车中查询图书 在当当中查询图书 在豆瓣中查询图书


正题名:赵州桥     索取号:K928.78/1161         预约/预借

序号 登录号 条形码 馆藏地/架位号 状态 备注
1 1136062   211360622   第二样本阅览室/ [索取号:K928.78/1161] 在馆    
2 1136063   211360631   第二借阅区/ [索取号:K928.78/1161] 在馆    
3 1136064   211360640   第二借阅区/ [索取号:K928.78/1161] 在馆    
4 1136065   211360659   第二借阅区/ [索取号:K928.78/1161] 在馆    
唐山师范学院图书馆 欢迎您!
大连网信软件有限公司© 版权所有